[Event "56th Rubinstein Memorial A 2020"]
[Site "Polanica Zdroj"]
[Date "2020.08.22"]
[Round "8.6"]
[White "Kowalczyk, Wojciech"]
[Black "Mirowska, Oliwia"]
[Result "1-0"]
[WhiteElo "1873"]
[BlackElo "1898"]
[Annotator "NA RC"]
[PlyCount "81"]
[EventDate "2020.08.15"]
[EventType "swiss"]
[EventCountry "POL"]
[SourceTitle "playchess.com"]
[Source "ChessBase"]
[SourceQuality "1"]
[TimeControl "40/5400+30:1800+30"]

{[%evp 16,76,35,32767,26,0,32767,32767,32767,32767,94,64,55,53,130,123,133,126,126,112,114,32767,32767,268,257,280,32767,32767,32767,32767,32767,295,32767,32767,32767,405,469,464,443,430,32767,32767,32767,32767,32767,32767,523,32767,32767,32767,32767,363,397,450,445,479,409,505,445,430,624,482,471]} 1. e4 {[%emt 0:00:00]} g6 {[%emt 0:04:33]} 2. d4 {[%emt 0:00:00]} d6 {[%emt 0:00:07]} 3. Nc3 {[%emt 0:00:00]} Bg7 {[%emt 0:00:10]} 4. Be3 {[%emt 0:01:04]} a6 {[%emt 0:00:15]} 5. a4 {[%emt 0:03:20]} b6 {[%emt 0:00:12]} 6. Be2 {[%emt 0:03:51] B06: Modern Defence.} Bb7 {[%emt 0:00:32]} 7. Bf3 {[%emt 0:00:15]} Nd7 {[%emt 0:00:23]} 8. Nge2 {[%emt 0:02:22]} e5 {[%emt 0:00:34]} 9. d5 {[%emt 0:01:02] [#]} h5 $146 {[%emt 0:02:02]} ({Predecessor:} 9... Ngf6 10. g4 h5 11. g5 Nh7 12. h4 f6 13. Qd2 fxg5 14. hxg5 O-O 15. Bg2 Re8 {1-0 (56) Vetemaa,J (2325)-Heinimaki,L (2080) Jyvaskyla 1998}) 10. Nc1 {[%emt 0:12:48]} Ngf6 {[%emt 0:04:50]} 11. Be2 {[%emt 0:00:36]} Bc8 {[%emt 0:01:18]} 12. f3 {[%emt 0:00:51]} Rb8 {[%emt 0:00:45]} 13. b4 {[%emt 0:14:25]} Nh7 {[%emt 0:02:08]} 14. Qd2 {[%emt 0:08:44]} g5 {[%emt 0:01:50]} (14... O-O $14) 15. Nd3 {[%emt 0:06:42]} Ndf8 {[%emt 0:00:58]} 16. O-O-O {[%emt 0:06:23]} Ng6 {[%emt 0:01:21]} 17. g3 {[%emt 0:00:43]} Bd7 {[%emt 0:00:33]} 18. Rdg1 {[%emt 0:03:00]} c5 {[%emt 0:02:09] [#]} 19. dxc6 $1 {[%emt 0:10:14]} Bxc6 {[%emt 0:07:16]} 20. b5 {[%emt 0:00:25]} axb5 {[%emt 0:00:08]} 21. axb5 {[%emt 0:00:03]} Ba8 {[%emt 0:00:53]} 22. Nb4 {[%emt 0:00:21]} Qd7 {[%emt 0:01:02]} 23. Kb2 {[%emt 0:08:15]} f6 {[%emt 0:02:00]} 24. Ra1 {[%emt 0:00:50]} O-O {[%emt 0:00:17]} 25. Bc4+ {[%emt 0:06:22]} Kh8 {[%emt 0:00:06]} 26. Rhd1 {[%emt 0:02:50]} Rfc8 {[%emt 0:01:03]} 27. Bd5 {[%emt 0:01:25]} Bxd5 {[%emt 0:01:03]} 28. Qxd5 {[%emt 0:00:49]} Bf8 {[%emt 0:00:21]} 29. Nc6 {[%emt 0:00:53]} Rb7 {[%emt 0:00:59]} 30. Ra6 {[%emt 0:00:46]} Qc7 $2 {[%emt 0:00:53]} (30... Ne7 {might work better.} 31. Nxe7 (31. Qxd6 Qh3 $18) 31... Bxe7) 31. Qe6 {[%emt 0:01:10]} Ne7 {[%emt 0:02:18]} 32. Nd5 {[%emt 0:02:27]} Nxd5 {[%emt 0:00:40]} 33. Rxd5 {[%emt 0:00:31]} ({Don't take} 33. Qxd5 g4 $18) 33... Rbb8 {[%emt 0:04:11]} 34. Rd1 {[%emt 0:01:08]} ({Not} 34. Bxb6 Rxb6 35. Rxb6 Ra8 $16) 34... Re8 {[%emt 0:03:02]} 35. Qd5 {[%emt 0:00:52]} Rb7 {[%emt 0:01:23]} 36. Rda1 {[%emt 0:00:17]} f5 {[%emt 0:01:21]} 37. Ra8 {[%emt 0:01:36]} Rc8 $18 {[%emt 0:00:30]} (37... Nf6 $142) 38. Qe6 {[%emt 0:00:19]} Rxa8 {[%emt 0:03:47]} 39. Rxa8 {[%emt 0:00:05]} fxe4 {[%emt 0:00:50]} 40. fxe4 {[%emt 0:00:00]} Kg7 {[%emt 0:00:00]} 41. h4 {[%emt 0:05:10]} 1-0

[Event "56th Rubinstein Memorial A 2020"]
[Site "Polanica Zdroj"]
[Date "2020.08.22"]
[Round "8.7"]
[White "Balinski, Damian"]
[Black "Butkiewicz, Lukasz"]
[Result "0-1"]
[WhiteElo "2136"]
[BlackElo "2400"]
[Annotator "TA"]
[PlyCount "88"]
[EventDate "2020.08.15"]
[EventType "swiss"]
[EventCountry "POL"]
[SourceTitle "playchess.com"]
[Source "ChessBase"]
[SourceQuality "1"]

{[%evp 20,88,48,43,58,0,36,26,20,23,69,71,61,49,61,22,38,47,77,16,33,17,16,16,60,22,26,25,32,-10,-5,-9,-31,-15,-21,-283,-147,-146,-161,-163,-162,-151,-149,-156,-166,-168,-179,-187,-189,-190,-173,-306,-300,-366,-353,-358,-350,-362,-343,-543,-543,-547,-510,-526,-514,-541,-519,-29981,-29982,-6706,-6321]} 1. d4 Nf6 2. c4 e6 3. Nc3 c5 4. d5 exd5 5. cxd5 d6 6. Nf3 g6 7. Nd2 Bg7 8. e4 O-O 9. Be2 a6 10. a4 Nbd7 11. O-O Qe7 {A74: Modern Benoni: Classical: 9...a6.} 12. Qc2 (12. Re1 $14) 12... Rb8 13. a5 Ne8 {White has an edge.} 14. Nc4 Nc7 15. Bf4 Ne5 {[#]} 16. Nb6 $146 ({Predecessor:} 16. Rad1 Bd7 17. Nxe5 Bxe5 18. Bxe5 Qxe5 19. f4 Qe7 20. e5 Ne8 21. Ne4 Bf5 22. g4 Bxe4 23. Qxe4 {½-½ (60) Horvath,J (2194)-Markos,A (2139) Hungary 2014}) 16... Bd7 17. Rab1 Bb5 18. b4 Bxe2 19. Nxe2 (19. Qxe2 $16 {Strongly threatening bxc5.} cxb4 20. Rxb4) 19... cxb4 $11 20. Rxb4 Nb5 21. Rc1 Rfe8 22. f3 Nd7 23. Be3 f5 24. Qd3 Nc5 25. Bxc5 $1 dxc5 26. Ra4 Nd6 27. Rxc5 $2 {[%mdl 8192] Loses the game.} (27. Qe3 $11) 27... Nxe4 ({Black should play} 27... fxe4 $19 28. fxe4 Nxe4) 28. Rc2 $17 Nc5 {[%mdl 64] [#] Double Attack} ({Wrong is} 28... Qh4 $2 29. Ng3 $18) 29. d6 Nxd3 30. dxe7 Rxe7 $40 {[%mdl 128] Black goes for the king.} 31. Rac4 Rbe8 32. Kf1 {[#]} Ne5 $1 {[%cal Re5c4]} 33. Rc8 Nc6 34. Rxe8+ Rxe8 35. Rc5 (35. Nc4 {keeps fighting.}) 35... Re5 $19 36. Nd7 Rxc5 37. Nxc5 Nxa5 {[%mdl 4096] Endgame KBN-KNN} 38. Nf4 Bf8 39. Nfe6 (39. Nce6 $142) 39... Bxc5 40. Nxc5 Kf7 41. Ke2 Ke7 42. Kd3 Kd6 43. Kd4 (43. Na4 $19 b5 44. Nb2) 43... Nc6+ 44. Kc4 b5+ {Accuracy: White = 46%, Black = 79%.} 0-1

[Event "56th Rubinstein Memorial A 2020"]
[Site "Polanica Zdroj"]
[Date "2020.08.22"]
[Round "8.7"]
[White "Topola, Rafal"]
[Black "Antoniewicz, Jakub"]
[Result "1-0"]
[WhiteElo "1808"]
[BlackElo "1806"]
[Annotator "NA RC"]
[PlyCount "71"]
[EventDate "2020.08.15"]
[EventType "swiss"]
[EventCountry "POL"]
[SourceTitle "playchess.com"]
[Source "ChessBase"]
[SourceQuality "1"]
[TimeControl "40/5400+30:1800+30"]

{[%evp 16,71,6,32767,32767,32767,32767,0,14,-20,0,-11,54,31,36,25,94,84,100,92,111,72,79,80,131,32767,155,93,87,65,75,75,32767,72,103,32767,32767,32767,32767,28,32767,32767,32767,32767,92,70,399,32767,32767,32767,32767,426,373,32767,32767,32767,32767,685]} 1. e4 {[%emt 0:00:00]} c5 {[%emt 0:00:00]} 2. Nf3 {[%emt 0:00:00]} d6 {[%emt 0:00:00]} 3. d4 {[%emt 0:00:00]} cxd4 {[%emt 0:00:00]} 4. Nxd4 {[%emt 0:00:00]} Nf6 {[%emt 0:00:00]} 5. Nc3 {[%emt 0:00:00]} a6 {[%emt 0:00:00]} 6. Be3 {[%emt 0:00:42]} e5 {[%emt 0:00:04]} 7. Nf3 {[%emt 0:00:23]} Be7 {[%emt 0:02:00]} 8. Bc4 {[%emt 0:00:37]} O-O {[%emt 0:07:13]} 9. O-O {[%emt 0:01:35]} Bg4 {[%emt 0:02:06] B90: Sicilian Najdorf: Unusual White 6th moves, 6 Be3 Ng4 and 6 Be3 e5.} 10. h3 {[%emt 0:00:50]} Bh5 {[%emt 0:00:34] [#]} 11. Qd2 $146 {[%emt 0:04:16]} ({White should try} 11. g4 $16 Bg6 12. Nh4) ({Predecessor:} 11. Bb3 Nbd7 12. g4 Bg6 13. Nh4 b5 14. Nf5 Nc5 15. Nd5 Bxf5 16. exf5 Nxd5 17. Bxd5 {1-0 (60) Korneev,O (2602)-Chernobay,A (2502) Moscow 2012}) 11... Nbd7 {[%emt 0:21:37]} 12. Rfe1 {[%emt 0:07:07]} Rc8 {[%emt 0:01:13]} 13. Bb3 {[%emt 0:01:13]} Rxc3 {[%emt 0:00:43]} 14. Qxc3 {[%emt 0:06:18]} Nxe4 {[%emt 0:00:59]} 15. Qb4 {[%emt 0:01:03]} Bxf3 {[%emt 0:04:51]} 16. gxf3 {[%emt 0:00:03]} Nec5 {[%emt 0:00:27]} 17. Rad1 {[%emt 0:11:02]} Qc8 {[%emt 0:00:45]} 18. Kg2 {[%emt 0:03:38]} Kh8 {[%emt 0:01:47]} 19. f4 {[%emt 0:09:08]} Qc7 {[%emt 0:23:38]} 20. Qc3 {[%emt 0:23:18]} b6 {[%emt 0:11:56]} 21. Bxc5 {[%emt 0:13:03]} bxc5 {[%emt 0:00:14]} 22. Qd3 {[%emt 0:01:14]} a5 {[%emt 0:04:33]} 23. Qb5 {[%emt 0:03:51]} Rb8 {[%emt 0:01:23]} 24. Qe2 {[%emt 0:01:00]} Rb4 {[%emt 0:04:21]} 25. Bxf7 {[%emt 0:03:18]} Rxf4 {[%emt 0:00:12]} 26. Bd5 {[%emt 0:01:27]} Bh4 {[%emt 0:01:15]} 27. Rf1 {[%emt 0:01:12]} Nf6 {[%emt 0:03:24]} 28. Qa6 {[%emt 0:00:44]} h5 {[%emt 0:03:52]} 29. Qb7 {[%emt 0:00:17]} Nxd5 {[%emt 0:02:12]} 30. Qxd5 {[%emt 0:00:11]} Rf6 $2 {[%emt 0:00:11]} (30... Qc8 $16) 31. Qa8+ {[%emt 0:00:19]} Kh7 {[%emt 0:00:21]} 32. Qe4+ {[%emt 0:00:08]} Rg6+ {[%emt 0:00:06] [#]} 33. Kh1 $1 {[%emt 0:01:21]} Qf7 {[%emt 0:01:36]} 34. Rxd6 {[%emt 0:03:26]} Bf6 {[%emt 0:00:05]} 35. Rg1 {[%emt 0:00:15]} Kh6 {[%emt 0:00:03]} 36. Rxg6+ $18 {[%emt 0:00:09]} 1-0

[Event "56th Rubinstein Memorial A 2020"]
[Site "Polanica Zdroj"]
[Date "2020.08.22"]
[Round "8.8"]
[White "Vanduyfhuys, Daria"]
[Black "Lukasiewicz, Krzysztof"]
[Result "0-1"]
[WhiteElo "1985"]
[BlackElo "2343"]
[Annotator "TA"]
[PlyCount "56"]
[EventDate "2020.08.15"]
[EventType "swiss"]
[EventCountry "POL"]
[SourceTitle "playchess.com"]
[Source "ChessBase"]
[SourceQuality "1"]

{[%evp 15,56,12,31,-25,-16,-15,-31,-40,-26,-35,60,-204,-197,-222,-163,-150,-152,-302,-296,-290,-264,-406,-403,-400,-400,-421,-409,-421,-413,-413,-418,-409,-413,-416,-399,-442,-449,-419,-396,-439,-443,-441,-426]} 1. d4 g6 2. c4 Bg7 3. Nc3 d6 4. e4 Nc6 5. Nf3 Bg4 6. Be3 Bxf3 7. gxf3 e5 8. d5 Nd4 9. Bg2 {A42: Modern Defence: Averbakh Variation.} ({Better is} 9. Nb5 $14) 9... c5 $11 {[#]} 10. f4 $146 ({Predecessor:} 10. O-O Nf6 11. f4 O-O 12. fxe5 dxe5 13. Bg5 h6 14. Bxf6 Bxf6 15. Ne2 Nxe2+ 16. Qxe2 Bg5 {½-½ (48) Demac,E (2104)-Dworakowska,J (2374) Caleta 2010}) 10... exf4 11. Bxf4 {Black is slightly better.} Nf6 12. Qa4+ Nd7 (12... Kf8 $15) 13. Bh3 $2 {[%mdl 8192] Now White is beyond hope.} (13. Bxd6 $14 {was the only good move.} Qb6 {[%mdl 64] Double Attack} 14. Bf4) 13... f5 $1 $19 14. exf5 {Threatens to win with f6.} gxf5 {White must now prevent ...Qh4.} 15. O-O-O {[#]} Qh4 $1 {[%cal Rh4f4]} 16. Bd2 (16. Bxd6 $17 {was necessary.} Qh6+ {[%mdl 64] Double Attack} 17. Kb1 Qxd6 18. Nb5) 16... Qxh3 17. Rhe1+ {[#]} Kd8 $1 18. Ne2 (18. Nb5 $142 Qxh2 19. Rh1) 18... Nxe2+ 19. Rxe2 Bh6 20. Re6 Bxd2+ 21. Rxd2 Nb6 22. Qb5 Qf1+ {[%mdl 64] Double Attack} 23. Rd1 Qxc4+ 24. Qxc4 Nxc4 25. b3 Ne5 26. Rxd6+ Nd7 27. Rg1 {aiming for Rg7.} Kc7 28. Rh6 Rhg8 {Accuracy: White = 43%, Black = 84%.} 0-1

[Event "56th Rubinstein Memorial A 2020"]
[Site "Polanica Zdroj"]
[Date "2020.08.22"]
[Round "8.9"]
[White "Marszalek, Maciej"]
[Black "Poltorak, Sebastian"]
[Result "1/2-1/2"]
[WhiteElo "2315"]
[BlackElo "1974"]
[Annotator "TA"]
[PlyCount "144"]
[EventDate "2020.08.15"]
[EventType "swiss"]
[EventCountry "POL"]
[SourceTitle "playchess.com"]
[Source "ChessBase"]
[SourceQuality "1"]

{[%evp 20,144,0,0,0,-33,8,-23,-14,-22,23,6,6,6,6,16,12,20,20,7,16,-30,0,-21,-21,-28,-32,-46,-64,-67,-57,-60,-37,-42,-21,-49,7,0,0,-28,-29,-24,-38,-36,-32,-73,-12,-120,-50,-79,-14,-14,-19,-29,26,-93,-64,-99,-41,-132,-53,-145,-164,-164,-150,-160,-160,-158,-154,-178,-122,-108,-100,-100,-93,-89,-91,-110,-110,-121,-122,-151,-147,-140,-121,-118,0,0,0,0,0,0,0,0,0,-64,-64,-64,-64,-64,-64,-64,-64,-64,0,-30,-30,-30,-30,-30,-30,-30,-30,-30,0,0,0,0,0,0,0,0,0,0,0,0,0]} 1. c4 Nf6 2. g3 c5 3. Nc3 d5 4. cxd5 Nxd5 5. Nf3 Nc6 6. Bg2 Nc7 7. d3 e5 8. O-O Be7 9. Be3 Bd7 10. Nd2 O-O 11. Nc4 f6 {A34: Symmetrical English: 2 Nc3, lines with ...d5.} 12. a4 b6 13. f4 exf4 $1 {Black has an edge.} 14. Bxf4 {[#]} Rc8 $146 ({Predecessor:} 14... Ne6 15. Bd2 Rb8 16. Nd5 Kh8 17. Bc3 a6 18. b3 b5 19. axb5 axb5 20. Nd2 Bd6 {0-1 (40) Krak,T (2284)-Nagy,G (2464) Slovakia 2018}) 15. a5 Ne6 16. axb6 axb6 17. Ra6 Nxf4 18. Rxf4 Rb8 19. Nd5 {[%cal Ra6b6]} b5 20. Nd2 Bd6 21. Rf1 Be5 22. e3 Ne7 23. Nf4 Nf5 24. Nd5 Kh8 25. Be4 Nh6 26. Qc2 Bh3 27. Rfa1 f5 (27... Rc8 $15) 28. Bf3 $11 Qg5 {...Bxg3! is the strong threat.} 29. Nf1 Ng4 {And now ...f4! would win.} 30. Bg2 Bxg2 31. Qxg2 Rfe8 32. Kh1 Rbd8 ({Better is} 32... Qd8 $1 $17 {White must now prevent ...Nf2+!} 33. Rc1 Nf2+ $1 {[%mdl 512]} 34. Qxf2 Qxd5+ {[%mdl 64] Double Attack} 35. Kg1 g6) 33. Rb1 (33. R1a5 $11 {keeps the balance.}) 33... Rd7 (33... Qh5 $17 {aiming for ...Qf7.} 34. Rc1 Bd6) 34. Rc6 {[#]} Nf2+ $1 {[%mdl 512]} 35. Qxf2 Rxd5 36. Qf3 Red8 (36... Qd8 $142) 37. b3 (37. b4 $11) 37... Bc3 ({But not} 37... Rxd3 38. Rxc5 Qe7 39. b4 $11) 38. Rc1 Bb4 ({Of course not} 38... Rxd3 $6 39. Rxc5 b4 40. Rxf5 $11) (38... b4 $1 $17 39. Rc8 Rxd3 40. Rxc5 g6) 39. Rd1 {[#]} (39. d4 $1 $15) 39... h6 ({Much worse is} 39... Rxd3 $6 40. Rxd3 Rxd3 41. Rc8+ Rd8 {[#]} 42. Qxf5 $1 $11 {[%mdl 512]}) (39... Qe7 $1 $17 40. Rc8 Qe6) 40. Qe2 (40. Rc8 $15) 40... Qg4 41. Qxg4 fxg4 42. d4 Bc3 43. Kg2 b4 44. h3 cxd4 (44... gxh3+ $19 45. Kxh3 cxd4 46. exd4 Rxd4 47. Rxd4 Rxd4) 45. hxg4 $17 dxe3 46. Rxd5 Rxd5 47. Nxe3 $19 {[%mdl 4096] Endgame KRB-KRN} Rd2+ 48. Kf3 Rb2 49. g5 hxg5 50. Ke4 Rxb3 51. Nd5 Kh7 52. g4 Ra3 (52... Bb2 $17 {Threatens to win with ...Rg3.} 53. Rb6 Rg3 54. Rxb4 Rxg4+ 55. Kf3 Rxb4 56. Nxb4 Bf6) 53. Nxc3 $11 bxc3 {KR-KR} 54. Kf5 Ra5+ 55. Ke4 Ra1 56. Rxc3 Rf1 57. Rh3+ ({White should play} 57. Rf3 $11 Rc1 58. Rd3) 57... Kg6 $15 58. Rh8 Rf4+ 59. Ke3 Rxg4 60. Kf3 Ra4 (60... Rh4 {with more complications.} 61. Rc8 Rd4 62. Rg8 Rd1 63. Rb8 Rd3+) 61. Kg3 g4 (61... Rb4 $15) 62. Rb8 Kh5 63. Rb5+ $1 g5 64. Rb3 Ra1 65. Rb8 Ra3+ 66. Kg2 g3 67. Rb4 {The position is equal.} Re3 68. Ra4 Rb3 69. Rc4 Rb5 70. Kxg3 Rb3+ 71. Kg2 g4 72. Rc8 Rb2+ {White happily takes the draw. Accuracy: White = 67%, Black = 73%.} 1/2-1/2

[Event "56th Rubinstein Memorial A 2020"]
[Site "Polanica Zdroj"]
[Date "2020.08.22"]
[Round "8.10"]
[White "Sernecki, Franciszek"]
[Black "Praczukowski, Stanislaw"]
[Result "1/2-1/2"]
[WhiteElo "2243"]
[BlackElo "2132"]
[Annotator "TA"]
[PlyCount "61"]
[EventDate "2020.08.15"]
[EventType "swiss"]
[EventCountry "POL"]
[SourceTitle "playchess.com"]
[Source "ChessBase"]
[SourceQuality "1"]

{[%evp 22,61,27,35,33,37,36,29,56,12,16,4,11,10,12,27,21,-44,-47,-47,-47,-54,-35,-57,41,28,32,-6,41,-6,41,-7,41,41,41,41,45,0,36,0,48,0]} 1. d4 Nf6 2. c4 e6 3. Nf3 Bb4+ 4. Bd2 Qe7 5. Nc3 Bxc3 6. Bxc3 Ne4 7. Rc1 O-O 8. g3 Nc6 9. Bg2 a5 10. O-O Nxc3 11. Rxc3 d6 12. d5 Nb4 {E11: Bogo-Indian.} 13. a3 Na6 {[%cal Bb4a6,Ba6c5,Bc5b3][%mdl 32]} 14. dxe6 fxe6 {[#] White has an edge.} 15. b3 $146 ({Predecessor:} 15. Nd4 Kh8 16. Qd2 a4 17. Nc2 Nc5 18. Nb4 e5 19. Nd3 Nb3 20. Qe3 Bg4 21. Bxb7 {0-1 (67) Postny,E (2600)-Praggnanandhaa,R (2608) chess.com INT 2020}) 15... e5 16. Ne1 Nc5 17. Nc2 Be6 18. Ne3 c6 19. Qd2 (19. b4 $1 $11 axb4 20. axb4) 19... a4 $15 20. b4 Nb3 21. Qd1 Rad8 22. Rd3 Bf5 (22... Rf6 $15) 23. Nxf5 $14 Rxf5 24. Qc2 {[#] Hoping for Rxb3.} Rf6 (24... e4 $5 {[%cal Re4d3]} 25. Re3 d5 $11) 25. e3 Rdf8 (25... e4 $5 {[%cal Re4d3]} 26. Rdd1 Re8 $11) 26. Qe2 Qf7 27. Rdd1 Qe7 28. Be4 Qe6 29. Bg2 Qe7 30. Be4 Qe6 31. Bg2 {Accuracy: White = 57%, Black = 62%.} 1/2-1/2

[Event "56th Rubinstein Memorial A 2020"]
[Site "Polanica Zdroj"]
[Date "2020.08.22"]
[Round "8.11"]
[White "Goraj, Barbara"]
[Black "Zochowski, Kacper"]
[Result "0-1"]
[WhiteElo "2099"]
[BlackElo "2278"]
[Annotator "TA"]
[PlyCount "98"]
[EventDate "2020.08.15"]
[EventType "swiss"]
[EventCountry "POL"]
[SourceTitle "playchess.com"]
[Source "ChessBase"]
[SourceQuality "1"]

{[%evp 11,97,29,38,27,17,20,55,38,35,36,50,18,31,10,37,31,54,45,63,8,45,13,20,29,34,21,27,25,26,32,25,21,118,40,45,35,89,8,40,22,88,13,21,0,24,0,6,0,0,0,6,0,0,-4,0,0,0,-26,-19,-82,-67,-195,-190,-213,-110,-114,-82,-83,-75,-99,-78,-104,-111,-158,-148,-188,-180,-228,-220,-294,-283,-247,-257,-2071,-2071,-29998,-29999,-29999]} 1. e4 e6 2. d4 d5 3. Nd2 {[%cal Bb1d2,Bd2b3,Bb3d4][%mdl 32]} c5 4. exd5 exd5 5. Ngf3 Nc6 6. Bb5 cxd4 7. Nb3 {C09: French Tarrasch: 3...c5 4 exd5 exd5 5 Ngf3 Nc6.} Bd7 8. O-O {Black should prevent Re1+.} Bd6 9. Re1+ {White is slightly better.} Nge7 10. Nbxd4 O-O 11. Bg5 f6 12. Bh4 {[#]} Qb6 $146 ({Predecessor:} 12... Ng6 13. Ne6 Bxe6 14. Rxe6 Qd7 15. Re2 Nf4 16. Rd2 Qg4 17. Bg3 Ne5 18. Nxe5 Qxd1+ 19. Raxd1 Bxe5 20. Bxf4 Bxf4 21. Rxd5 {1-0 (55) Cortes Gallardo,G-Garcia Albarracin,J (2015) Malaga 2000}) 13. Bg3 Bc5 {[%cal Rc5d4]} 14. c3 Rad8 15. Bxc6 (15. a4 $14 Bxd4 16. Nxd4) 15... bxc6 16. Qc2 {Black must now prevent b4.} Rfe8 17. Ne6 Bxe6 $1 18. Rxe6 {Strongly threatening b4.} Ng6 19. Rae1 Rxe6 20. Rxe6 Nf8 21. Re1 Qa6 (21... Bd6 $11 {keeps the balance.}) 22. b3 (22. b4 $16 Bb6 23. a4) 22... Qc8 23. Qe2 Qd7 (23... a5 $14) 24. h3 (24. b4 $16 Bb6 25. a4) 24... Kf7 25. Qd3 (25. b4 {feels hotter.} Bb6 26. Qa6 Ne6 27. a4 Re8 28. a5) 25... Kg8 (25... Bb6 $11 {remains equal.}) 26. Bf4 ({Better is} 26. b4 $1 $16 {[%cal Rb4c5]} Bb6 27. a4) 26... Ne6 27. Bg3 Bf8 28. Qe3 Nc5 29. Nd2 Kf7 30. Qf3 Kg8 31. Qe3 a5 32. h4 Qf7 33. Nf3 Ne4 34. Qb6 Rc8 35. Qxa5 (35. Nd4 $11) 35... Qb7 $17 36. Rxe4 (36. Qa4 $15) 36... dxe4 $19 37. Nd2 {[#]} Re8 (37... e3 $1 $19 {[%mdl 512]} 38. fxe3 Ra8) 38. Bf4 Qd7 39. Nc4 Qd1+ 40. Kh2 Qg4 41. g3 {[#]} h6 $1 42. Qb6 Qe6 43. h5 {[#]} Qd5 $1 $36 {[%mdl 2048] aiming for ...Bc5. Black is in control.} 44. Be3 Qxh5+ 45. Kg1 Qd1+ 46. Kh2 Rd8 47. Bd4 $2 (47. Nb2 Qd5 48. Kg2) 47... Rd5 {( -> ...Rh5+)} 48. Qxc6 Rh5+ 49. Kg2 Qh1# {Accuracy: White = 50%, Black = 71%.} 0-1

[Event "56th Rubinstein Memorial A 2020"]
[Site "Polanica Zdroj"]
[Date "2020.08.22"]
[Round "8.12"]
[White "Chomczyk, Marek"]
[Black "Golecki, Jan"]
[Result "1/2-1/2"]
[WhiteElo "2221"]
[BlackElo "2106"]
[Annotator "TA"]
[PlyCount "51"]
[EventDate "2020.08.15"]
[EventType "swiss"]
[EventCountry "POL"]
[SourceTitle "playchess.com"]
[Source "ChessBase"]
[SourceQuality "1"]

{[%evp 10,51,-6,4,3,9,2,-2,12,0,11,-4,0,0,0,0,0,-29,-39,-30,-14,-16,-12,0,-16,-15,-2,-60,-65,-49,-39,-60,6,8,8,8,8,8,8,8,8,6,9,7]} 1. e4 e5 2. Nf3 Nc6 3. Bc4 Bc5 4. b4 Bxb4 5. c3 Bd6 6. d4 Nf6 {C51: Evans Gambit: Declined and Accepted without 5...Ba5.} 7. O-O O-O ({But not} 7... Nxe4 $6 8. dxe5 Nxe5 9. Re1 $16) 8. Re1 h6 9. Nbd2 Re8 10. Bd3 Bf8 11. Nxe5 $1 Nxe5 12. dxe5 Rxe5 {[#]} 13. Nc4 $146 ({Predecessor:} 13. Nf3 Re8 14. e5 Nd5 15. Bh7+ Kxh7 16. Qxd5 Kg8 17. Bf4 d6 18. exd6 Be6 19. Qxb7 Bxd6 20. Bxd6 Qxd6 21. Qb4 {½-½ (21) Nielsen,P (2688)-Johannessen,L (2516) Sweden 2004}) 13... Re8 14. e5 d5 15. exf6 {[#] aiming for Rxe8.} dxc4 16. Rxe8 Qxe8 17. Bxc4 Be6 {Threatens to win with ...Rd8.} 18. Bf1 (18. fxg7 $11 Bxg7 19. Bxe6 Qxe6 20. Be3) 18... Qd8 $15 19. Qf3 Qxf6 20. Qxb7 Qxc3 ({Black should play} 20... Rc8 $15) 21. Bb2 $1 $11 {[%cal Rb2c3] The position is equal.} (21. Qxa8 $2 {perishes.} Qxa1 22. Ba3 Bc4 $19) 21... Bd5 $1 22. Qxd5 Qxb2 23. Qxa8 Qxa1 24. Qxa7 Qc3 25. g3 Qa3 26. Qxa3 {Accuracy: White = 93%, Black = 89%.} 1/2-1/2

[Event "56th Rubinstein Memorial A 2020"]
[Site "Polanica Zdroj"]
[Date "2020.08.22"]
[Round "8.13"]
[White "Luberanski, Jakub"]
[Black "Jaskolka, Tomasz"]
[Result "1-0"]
[WhiteElo "2146"]
[BlackElo "2196"]
[Annotator "TA"]
[PlyCount "65"]
[EventDate "2020.08.15"]
[EventType "swiss"]
[EventCountry "POL"]
[SourceTitle "playchess.com"]
[Source "ChessBase"]
[SourceQuality "1"]

{[%evp 20,65,39,16,17,27,21,18,27,27,44,33,47,43,54,29,166,186,181,140,151,125,324,320,433,421,539,534,753,727,862,814,2262,2121,1952,1546,1548,1482,1323,1339,1543,1520,5439,1066,2835,2713,1306,1279]} 1. e4 e6 2. d4 d5 3. Nc3 Bb4 4. e5 Ne7 5. a3 Bxc3+ 6. bxc3 c5 7. Qg4 Qc7 8. Qxg7 Rg8 9. Qxh7 cxd4 10. Ne2 Nbc6 11. f4 dxc3 {is now debated instead of 11...Bd7. C18: French: 3 Nc3 Bb4: Main line: 7 h4 and 7 Qg4.} 12. h4 Bd7 13. h5 O-O-O {The position is equal.} 14. Qd3 $1 ({Don't blunder} 14. Qxf7 $2 Rdf8 $19) 14... d4 15. h6 {aiming for Rb1.} ({Much weaker is} 15. Nxd4 Nxd4 16. Qxd4 Bb5 $15) 15... Be8 16. h7 $36 {[%mdl 2048] Black is under pressure.} Rh8 17. Ng3 {[#] next Ne4 is good for White.} Nxe5 $146 (17... Ng6 $11 {and Black has nothing to worry.}) ({Predecessor:} 17... f6 18. exf6 Nd5 19. Ne4 Bg6 20. Nd6+ Qxd6 21. Qxg6 Nxf4 22. Qg5 e5 23. Bxf4 exf4 {½-½ (33) Naroditsky,D (2634)-Goh,W (2435) Helsingor 2016}) 18. fxe5 $18 Qxe5+ 19. Be2 f5 20. Kf2 Nd5 $2 {[#]} (20... Bc6 $16 {might work better.} 21. Rb1 Rd7) 21. Bf3 f4 22. Ne2 {White is clearly winning.} Ne3 23. Rb1 b5 24. Rb4 Qc5 25. Nxf4 Nxc2 26. Nxe6 Nxb4 27. axb4 ({Not} 27. Nxc5 Nxd3+ 28. Nxd3 Bg6 $18) 27... Qc4 28. Qxc4+ bxc4 29. Nxd8 d3 30. Bg5 {[#] Threatens to win with Bf6!} Bg6 31. Nc6 {Ne7+ is the strong threat.} Rxh7 32. Rxh7 Bxh7 33. Nxa7+ {Black got outplayed after the opening. Accuracy: White = 94%, Black = 39%.} 1-0